Provinces of Papua New Guinea Quiz Stats

 Plays Quiz Updated May 10, 2018

Support Sporcle.
Go Orange.
Score 0/22 Timer 07:00
4 Plays Today
% Correct
New Ireland
74.8%
Western
73.4%
National Capital District ✪
72.8%
East New Britain
72.7%
Oro
71.7%
Central
71.3%
Gulf
70.2%
Manus
68.2%
Eastern Highlands
67.2%
Enga
65.5%
West New Britain
65.5%
% Correct
Madang
62%
Simbu
61.1%
Morobe
59.3%
Southern Highlands
58.4%
Western Highlands
57.7%
East Sepik
56.9%
Hela
56.5%
Milne Bay
56.3%
Autonomous Region of Bougainville
51.8%
Sandaun
50.2%
Jiwaka
47.4%

From the Vault

Binary Logic Puzzle II

by Susan300

A binary logic puzzle? This should be easy as 01, 10, 11.
Remove Ads.
Support Sporcle.
Get the best of Sporcle when you Go Orange. This ad-free experience offers more features, more stats, and more fun while also helping to support Sporcle. Thank you for becoming a member.

Show Comments

Extras

Top Quizzes Today


Score Distribution

Your Account Isn't Verified!

In order to create a playlist on Sporcle, you need to verify the email address you used during registration. Go to your Sporcle Settings to finish the process.

Report this User

Report this user for behavior that violates our Community Guidelines.

Details: